| 000 | 01224nam a22003017a 4500 | ||
|---|---|---|---|
| 001 | 7571 | ||
| 003 | FISKH | ||
| 005 | 20250724110418.0 | ||
| 008 | 250724b cb ||||| |||| 00| 0 eng d | ||
| 020 | _a9780765359834 | ||
| 040 |
_aFISKH _beng _cFISKH _dFISKH |
||
| 050 | _aPZ7.D128 O | ||
| 082 | _a813.54 | ||
| 100 |
_aDadey, Debbie _d(1959-) |
||
| 245 |
_aThe other side of magic / _cDebbie Dadey and Marcia Thornton Fones ; Illustrated by Adam Stower |
||
| 250 | _aThis edition first published in 2009 | ||
| 260 |
_aNew York : _bStarscape, _c2009 |
||
| 300 |
_a136 pages : _billustrations ; _c20 cm |
||
| 505 | _aJ | ||
| 520 | _aNatalie is surprised to learn that her classmates Penny and Luke are apprentice Keyholders, protecting the border between the real and magical worlds from goblins sent by the evil Queen of the Boggarts. Natalie is even more surprised to find out that she could be a Keyholder, too, if she forms a link with a rat named Buttercup. Will Natalie choose to join the Keyholders? | ||
| 521 | 8 |
_a490
_bLexile |
|
| 521 | 8 |
_aJ
_bRaz-Plus |
|
| 650 |
_2Fantasy _aRats |
||
| 650 |
_2Children's _aDragons |
||
| 700 |
_aStower, Adam _dillustrator |
||
| 942 |
_2ddc _cBK _n0 |
||
| 999 |
_c7571 _d7571 |
||